000 00310nam a22001337a 4500
999 _c54895
_d54895
008 190621b ||||| |||| 00| 0 eng d
020 _a9789951643078
041 _aalb
080 _2341
_a341
100 _a0
101 _aSHJ
245 _aE Drejta Administrative
_cBerisha, F & Zejneli, J
942 _2udc
_cBK